00614nam a2200205Ia 4500003000400000005001700004008004100021020001900062040000700081041000800088082001600096100002200112245003300134260003800167300000900205650003100214942001300245999001900258952013100277OSt20250915124943.0250729s2005 xx 000 0 und d a978-8176488662 cAL aeng a001.51 SINT aSingh Y K9222538 aTeaching of computer science aNew DelhibA P H Publishingc2005 a310p aComputer Education9222539 2ddccBED c235510d235510 00104070aALbALd2025-07-29eSita Book Houseg150.00l0o001.51 SINTpBED00829r2025-07-29 16:54:03v150.00w2025-07-29yBK